000 00618cam a22002171 4500
001 sa 63004921
003 DLC
005 20260227111952.0
008 940804s1962 ii 000 1 pano
010 _asa 63004921
025 _aPL480:I-Pu-224
035 _a(OCoLC)30883508
040 _aDLC
_cCU
_dCU
_dNSyU
_dDLC
042 _apremarc
050 0 0 _aPK2659.C38
_bD5
100 1 _aCāwalā, Tejindara.
245 1 0 _aDila āpaṇā-prīta parāī;
_bnāvala,
_cTejindara Cāvalā.
260 _aAmmritasara,
_bHarabhajana Siṅgha Haracarana Siṅgha
_c[1962?]
300 _a119 p.
_c16 cm.
500 _aIn Panjabi.
999 _c55928
_d55928